[Event "ARG-ch sf 92nd"]
[Site "Buenos Aires"]
[Date "2017.07.16"]
[Round "8.10"]
[White "Sica, Mauro"]
[Black "Darcyl, Tomas"]
[Result "0-1"]
[WhiteElo "2251"]
[BlackElo "2392"]
[PlyCount "74"]
[EventDate "2017.07.10"]
[EventType "swiss"]
[EventRounds "9"]
[EventCountry "ARG"]
[SourceTitle "EXT 2018"]
[Source "ChessBase"]
[SourceDate "2017.10.13"]
[SourceVersion "1"]
[SourceVersionDate "2017.10.13"]
[SourceQuality "1"]

1. d4 Nf6 2. c4 g6 3. Nc3 d5 4. cxd5 Nxd5 5. e4 Nxc3 6. bxc3 Bg7 7. Bc4 0-0 8. Ne2 Nc6 9. 0-0 Na5 10. Bd3 b6 11. Be3 e5 12. Rc1 c5 13. dxc5 Be6 14. c4 bxc5 15. Bxc5 Bh6 16. Bxf8 Bxc1 17. Bb4 Bh6 18. Bxa5 Qxa5 19. Qc2 Bd2 20. Rd1 Bb4 21. Rc1 Rc8 22. Nc3 Bxc4 23. Nd5 Ba6 24. Qxc8+ Bxc8 25. Rxc8+ Kg7 26. g3 Bc5 27. Bf1 Bd4 28. Rc2 f5 29. h4 fxe4 30. Rc7+ Kh6 31. Rd7 Qe1 32. Rf7 e3 33. Ne7 g5 34. h5 Kxh5 35. Rxh7+ Kg4 36. Rf7 e4 37. Ng8 e2 0-1

[Event "ARG-ch sf 92nd"]
[Site "Buenos Aires"]
[Date "2017.07.15"]
[Round "7"]
[White "Aberbach Peltzman, Angel Sergio"]
[Black "Sica, Mauro"]
[Result "0-1"]
[WhiteElo "1950"]
[BlackElo "2251"]
[PlyCount "48"]
[EventDate "2017.07.10"]
[EventType "swiss"]
[EventRounds "9"]
[EventCountry "ARG"]
[SourceTitle "EXT 2018"]
[Source "ChessBase"]
[SourceDate "2017.10.13"]
[SourceVersion "1"]
[SourceVersionDate "2017.10.13"]
[SourceQuality "1"]

1. d4 f5 2. Nc3 Nf6 3. Bg5 d5 4. h4 e6 5. e3 Be7 6. Nf3 c6 7. Ne5 Nbd7 8. Nxd7 Bxd7 9. Be2 0-0 10. 0-0 Ne4 11. Nxe4 fxe4 12. Bxe7 Qxe7 13. g3 e5 14. Bg4 Bxg4 15. Qxg4 exd4 16. exd4 Rf3 17. Rae1 Qf7 18. Re3 h5 19. Rxf3 exf3 20. Qg5 Re8 21. Rd1 Re2 22. Rd3 Re1+ 23. Kh2 Rf1 24. Qe3 Qf5 0-1

[Event "ARG-ch sf 92nd"]
[Site "Buenos Aires"]
[Date "2017.07.10"]
[Round "1"]
[White "Sica, Mauro"]
[Black "Etchevest, Marcelo"]
[Result "1-0"]
[WhiteElo "2251"]
[BlackElo "1868"]
[PlyCount "53"]
[EventDate "2017.07.10"]
[EventType "swiss"]
[EventRounds "9"]
[EventCountry "ARG"]
[SourceTitle "EXT 2018"]
[Source "ChessBase"]
[SourceDate "2017.10.13"]
[SourceVersion "1"]
[SourceVersionDate "2017.10.13"]
[SourceQuality "1"]

1. d4 d5 2. c4 e6 3. Nc3 c5 4. cxd5 cxd4 5. Qa4+ Bd7 6. Qxd4 exd5 7. Qxd5 Nc6 8. Nf3 Nf6 9. Qd1 Bc5 10. e3 Qe7 11. a3 0-0-0 12. Qc2 Kb8 13. Be2 g5 14. b4 g4 15. Nd2 Bxb4 16. axb4 Nxb4 17. Qb1 Bc6 18. Ba3 a5 19. Bxb4 axb4 20. Nb5 Rxd2 21. Kxd2 Ne4+ 22. Ke1 Qf6 23. f3 gxf3 24. Bxf3 Qh4+ 25. g3 Nxg3 26. Ra8+ Kxa8 27. Qa1+ 1-0

[Event "ARG-chT ART Semillero U21"]
[Site "Villa Martelli"]
[Date "2017.06.03"]
[Round "4"]
[White "Sica, Mauro"]
[Black "Varacalli, Francisco"]
[Result "1/2-1/2"]
[WhiteElo "2154"]
[BlackElo "2312"]
[PlyCount "44"]
[EventDate "2017.05.13"]
[EventType "team-swiss"]
[EventRounds "7"]
[EventCountry "ARG"]
[SourceTitle "EXT 2018"]
[Source "ChessBase"]
[SourceDate "2017.10.13"]
[SourceVersion "1"]
[SourceVersionDate "2017.10.13"]
[SourceQuality "1"]
[WhiteTeam "Republica Martelli U21"]
[BlackTeam "Club Argentino U21"]
[WhiteTeamCountry "ARG"]
[BlackTeamCountry "ARG"]

1. d4 Nf6 2. c4 g6 3. Nc3 Bg7 4. e4 d6 5. h3 0-0 6. Bg5 c6 7. Nf3 a6 8. Bd3 Nbd7 9. 0-0 e5 10. d5 h6 11. Be3 Nh5 12. Qd2 Nf4 13. Bxf4 exf4 14. Qxf4 Nc5 15. Bc2 cxd5 16. Nxd5 Bxb2 17. Rab1 Bg7 18. Rb6 Be6 19. Qxd6 Bxd5 20. Qxd8 Rfxd8 21. cxd5 Rac8 22. Bb1 Rb8 1/2-1/2

[Event "ARG-chT ART Semillero U21"]
[Site "Villa Martelli"]
[Date "2017.05.27"]
[Round "3"]
[White "Rodriguez, Leandro"]
[Black "Sica, Mauro"]
[Result "0-1"]
[WhiteElo "1931"]
[BlackElo "2154"]
[PlyCount "46"]
[EventDate "2017.05.13"]
[EventType "team-swiss"]
[EventRounds "7"]
[EventCountry "ARG"]
[SourceTitle "EXT 2018"]
[Source "ChessBase"]
[SourceDate "2017.10.13"]
[SourceVersion "1"]
[SourceVersionDate "2017.10.13"]
[SourceQuality "1"]
[WhiteTeam "Tacticos y Estrategas U21"]
[BlackTeam "Republica Martelli U21"]
[WhiteTeamCountry "ARG"]
[BlackTeamCountry "ARG"]

1. e4 c5 2. Nf3 d6 3. d4 cxd4 4. Nxd4 Nf6 5. Bg5 Nxe4 6. Bb5+ Bd7 7. Bxd7+ Qxd7 8. Bd2 Nxd2 9. Qxd2 g6 10. Nc3 Bg7 11. Rd1 Nc6 12. Nde2 0-0 13. 0-0 Rad8 14. Rfe1 e6 15. b3 d5 16. Nf4 d4 17. Ne4 e5 18. Nd3 b6 19. f3 f5 20. Nef2 Rfe8 21. c3 Kh8 22. cxd4 Nxd4 23. Nb4 Nxf3+ 0-1

[Event "ARG-chT ART Semillero U21"]
[Site "Villa Martelli"]
[Date "2017.05.20"]
[Round "2"]
[White "Belmes, Martin"]
[Black "Sica, Mauro"]
[Result "0-1"]
[WhiteElo "1913"]
[BlackElo "2154"]
[PlyCount "26"]
[EventDate "2017.05.13"]
[EventType "team-swiss"]
[EventRounds "7"]
[EventCountry "ARG"]
[SourceTitle "EXT 2018"]
[Source "ChessBase"]
[SourceDate "2017.10.13"]
[SourceVersion "1"]
[SourceVersionDate "2017.10.13"]
[SourceQuality "1"]
[WhiteTeam "Club Villa del Parque U21"]
[BlackTeam "Republica Martelli U21"]
[WhiteTeamCountry "ARG"]
[BlackTeamCountry "ARG"]

1. e4 c5 2. Nc3 Nc6 3. Bb5 g6 4. Bxc6 dxc6 5. f4 Bg7 6. Nf3 Nf6 7. 0-0 0-0 8. d3 b6 9. Qe1 Ne8 10. h3 e6 11. e5 f5 12. h4 Nc7 13. h5 gxh5 0-1